01458nam a2200241Ia 4500008004100000040001800041041000800059100004400067245019600111246002100307260006900328300003900397500025600436500005700692504002200749505025800771506002201029546002201051650001801073650004301091650004301134700003901177130821s1706 sp a gr spa  aCo-BoUCMbspa0 alat1 aSolórzano Pereira, Juan ded1575-165511aD. Ioan de Solorzano Pereyra (...) obras posthumasbrecopilados de varios tratados, memoriales y papeles, escritos algunos en causas fiscales, y llenos todos de mucha enseñanza y erudicion.13a[Obras postumas] aZaragoça [Zaragoza]bpor los herederos de Diego Dormerc[1706] a[16], 712 páginasbilustraciones aDetalles físicos: Encuadernación en pergamino en muy mal estado de conservación, pergamino deteriorado y roto en el lomo y en las tapas, primeras hojas rotas, manchadas y dobladas. Conserva la portada rora e impresa en dos colores, conserva part aFecha de edición tomada de páginas preliminares. aIncluye índice.0 aSobre el castigo de los parricidas y personas a las que se impone. ; Diez conclusiones académicas (Salamanca. Agosto de 1609. Aula Magna). ; Discurso jurídico-histórico-político sobre los derechos, honores y preeminencias que corresponden a los aConsulta en sala. aTexto en latín. aDerecho civil aDerecho civilxObras anteriores a 1800 aDerecho penalxObras anteriores a 18001 aDormer, Diego decherederoseimp.